Funciones complejas : teoría de funciones de una variable compleja

Bibliographic Details
Main Author: Goodstein, R.L
Format: Section = Libro
Language:Undetermined
Spanish
Published: Madrid, España URMO 1975
Subjects:
LEADER 00509nam a2200181Ia 4500
008 240829s9999 xx 000 0 und d
020 |a 84-314-0249-0 
040 |a BIBLIOTECA-RUSB/ 515.93 G654 
041 |a spa 
082 |a 515.93 G654 
100 1 |a Goodstein, R.L 
245 1 0 |a Funciones complejas : teoría de funciones de una variable compleja 
260 |a Madrid, España  |b URMO  |c 1975 
300 |a 222 p. :il. 
650 7 |a FUNCIONES DE UNA VARIABLE COMPLEJA 
942 |c BK  |2 ddc 
991 |a TEXTO 
999 |c 1784